000 00478nam a2200181Ia 4500
008 090122s9999 xx 000 0 und d
082 _b12584
100 _aकदम
_bबाबा
245 _aकिनारा
260 _bदिलीपराज
_c2007
300 _a480
501 _aदिलीपराज प्रकाशन
600 _aकदम
630 _aकिनारा
700 _aकदम
730 _aकिनारा
942 _cBOOK
999 _c36661
_d36661